Undertanding in mathematics

Gespeichert in:
Bibliographische Detailangaben
1. Verfasser: Sierpinska, Anna (VerfasserIn)
Format: Buch
Sprache:Englisch
Veröffentlicht: Londres The Falmer Press 1994
Schriftenreihe:Studies in Mathematics Education series, 2
Schlagworte:
Tags: Tag hinzufügen
Keine Tags, Fügen Sie den ersten Tag hinzu!

MARC

LEADER 00000nam a2200000 a 4500
001 UCI1906
003 CL-VaPUC
008 070727e19940000UK |||||||||||||||||eng|d
020 |a 0750703342 
082 0 4 |a 510.1  |b SIE  |2 21 
100 0 |a Sierpinska, Anna  |e author  |9 522716 
245 1 0 |a Undertanding in mathematics 
300 |a 189 p 
942 |c BK 
945 |d 20070727 00:00:00  |a rbrito 
260 |a Londres  |b The Falmer Press  |c 1994 
650 0 |a Matemáticas  |x Enseñanza  |9 875527 
650 0 |a Matemática  |9 260235 
650 0 |a Filosofía de las matemáticas   |9 265233 
583 |a last modification  |c 20070727 00:00:00  |k Rodrigo Vera 
490 0 |a Studies in Mathematics Education series, 2 
999 |c 326599  |d 326597 
952 |0 0  |1 0  |4 0  |6 510_100000000000000_SIE_1994  |7 0  |8 A  |9 408620  |a BIBMAT  |b BIBMAT  |d 2019-11-22  |i 4360427  |l 1  |m 2  |o 510.1 SIE 1994  |p 4360427  |r 2025-01-07  |s 2024-04-02  |w 2019-11-22  |y BK  |k MAT